Introduction to Differential Equcations (Record no. 295216)

000 -LEADER
fixed length control field 00237 a2200109 4500
001 - CONTROL NUMBER
control field 60143
082 ## - DEWEY DECIMAL CLASSIFICATION NUMBER
Classification number 515.35 BRA
090 ## - LOCALLY ASSIGNED LC-TYPE CALL NUMBER (OCLC); LOCAL CALL NUMBER (RLIN)
-- 36954
-- 36954
100 ## - MAIN ENTRY--PERSONAL NAME
Personal name Brawer F
245 ## - TITLE STATEMENT
Title Introduction to Differential Equcations
300 ## - PHYSICAL DESCRIPTION
Extent 628
942 ## - ADDED ENTRY ELEMENTS (KOHA)
Institution code [OBSOLETE] caenust
Call number prefix 515.35 BRA
Holdings
Withdrawn status Lost status Damaged status Not for loan Collection code Permanent Location Current Location Date acquired Total Checkouts Full call number Barcode Date last seen Price effective from Koha item type
          College of Aeronautical Engineering (CAE) College of Aeronautical Engineering (CAE) 04/03/2017   515.35 BRA CAEG-3408 04/05/2017 04/05/2017 Book
© 2023 Central Library, National University of Sciences and Technology. All Rights Reserved.